| 000 | 00646cam a2200217 a 4500 | ||
|---|---|---|---|
| 001 | 14234648 | ||
| 005 | 20180109034653.0 | ||
| 008 | 060118s2007 maua 001 0 eng | ||
| 010 | _a 2006920847 | ||
| 020 | _a141301772X (student ed.) | ||
| 040 |
_aDLC _cDLC _dDLC |
||
| 041 | _aeng | ||
| 080 | _a808.042 | ||
| 082 | 0 | 0 |
_a808.042 MAR _222 |
| 100 | 1 | _a46 | |
| 101 | _aEDU | ||
| 245 | 1 | 0 |
_aThinking for yourself : _cMarlys Mayfield. |
| 906 |
_a7 _bcbc _corignew _d2 _eepcn _f20 _gy-gencatlg |
||
| 942 |
_2ddc _cBK |
||
| 999 |
_c39837 _d39837 |
||